Rent Characters Quiz Stats

 Plays Quiz Updated Jan 24, 2012

Score 0/8 Timer 01:00
0 Plays Today
Character % Correct
Angel Dumott Schunard
92.9%
Mimi Márquez
91.7%
Mark Cohen
84.8%
Maureen Johnson
84.7%
Roger Davis
84.5%
Tom Collins
74.7%
Benjamin 'Benny' Coffin III
68.4%
Joanne Jefferson
67.1%

You're not logged in!

Compare scores with friends on all Sporcle quizzes.
OR
Log In

Sporcle TV

Today on Sporcle TV


Watch our educational content, quiz creation guides, and fun videos on Sporcle TV.

Show Comments

Extras

Top Quizzes Today


Score Distribution

Your Account Isn't Verified!

In order to create a playlist on Sporcle, you need to verify the email address you used during registration. Go to your Sporcle Settings to finish the process.

Report this User

Report this user for behavior that violates our Community Guidelines.

Details: